| 000 | 01090nam a2200265 i 4500 | ||
|---|---|---|---|
| 001 | 13085 | ||
| 003 | ES-MaACL | ||
| 005 | 20230906150504.0 | ||
| 007 | t| | ||
| 008 | 891026s1987 sp ||||0| spa | ||
| 020 | _a84-404-1066-2 | ||
| 080 | _a860 Unamuno, Miguel de 2.06 | ||
| 245 | 0 | 3 |
_aEl teatro de Miguel de Unamuno / _cedición a cargo de Jesús María Lasagabaster ; [colaboradores, Ursula Aszyk ... et al.]. |
| 260 |
_aSan Sebastián : _bUniversidad de Deusto, Facultad de Filosofía y Letras, _c1987. |
||
| 300 |
_a241 p. ; _c23 cm. |
||
| 490 | 1 |
_aCuadernos universitarios. Departamento de literatura ; _v4 |
|
| 594 | _aVolumen homenaje en el cincuentenario de la muerte de Miguel de Unamuno (1936-1986) | ||
| 600 | 1 | 4 |
_aUnamuno, Miguel de, _d1864-1936- _xTeatro _9111990 |
| 700 | 1 |
_aLasagabaster, Jesús María. _970403 |
|
| 700 | 1 |
_aAszyk, Urszula. _923719 |
|
| 710 | 2 |
_aUniversidad de Deusto. _bFacultad de Filosofía y Letras. _97173 |
|
| 830 | 1 |
_aCuadernos universitarios. Departamento de literatura ; _v4 _9179413 |
|
| 852 |
_aES-MaACL _jL-20366 |
||
| 999 |
_c13085 _d13085 |
||